Heavenly mansions and other essays on architecture (Record no. 203171)

MARC details
000 -LEADER
fixed length control field 00708nam a2200205Ia 4500
008 - FIXED-LENGTH DATA ELEMENTS--GENERAL INFORMATION
fixed length control field 191130s1998##################000#0#eng##
020 ## - INTERNATIONAL STANDARD BOOK NUMBER
ISBN 9780393318579
082 ## - DEWEY DECIMAL CLASSIFICATION NUMBER
Classification number 720 SUM
100 ## - MAIN ENTRY--AUTHOR NAME
Personal name Summerson, John
245 ## - TITLE STATEMENT
Title Heavenly mansions and other essays on architecture
Statement of responsibility, etc John Summerson ; [with a foreword by Kent Bloomer]
260 ## - PUBLICATION, DISTRIBUTION, ETC. (IMPRINT)
Place of publication New York
Name of publisher W. W. Norton & Company
Year of publication 1998
300 ## - PHYSICAL DESCRIPTION
Number of Pages xviii, 253 p. : ill., map ; 21 cm
500 ## - GENERAL NOTE
General note Originally published: London : Cresset Press, 1949. Includes bibliographical references and index
650 ## - SUBJECT ADDED ENTRY--TOPICAL TERM
Topical Term Architecture
991 ## -
-- 299956
Holdings
Withdrawn status Lost status Damaged status Not for loan Home library Current library Shelving location Date acquired Full call number Accession Number Price effective from Koha item type
        Anna Centenary Library Anna Centenary Library 6TH FLOOR, B WING 13.10.2020 720 SUM 345764 13.10.2020 English Books

Find us on the map